Basic Missing Value Analysis in Python

Denne sa zaznamenávajú poistné údaje o klientoch, zmluvách, poistných udalostiach, škodách, aktívach, záväzkoch a iných udalostiach, ktoré sa opätovne používajú v interakciách, reportoch a reportoch pre vedenie poisťovne a dozorné orgány. Preto ani v tejto sfére nemôžu chýbať pravidlá a samotná kont...

Descrizione completa

Salvato in:
Dettagli Bibliografici
Autore principale: Komara, Silvia, 1985-
Altri autori: Strešňáková, Anna, 1976-
Natura: Capitolo di libro
Lingua:slovacco
Soggetti:
Tags: Aggiungi Tag
Nessun Tag, puoi essere il primo ad aggiungerne!!

MARC

LEADER 00000naa$a2200000$$$4500
001 0289659
005 20240502083930.0
041 0 |a slo 
044 |a CZ 
245 1 0 |a Basic Missing Value Analysis in Python  |c Silvia Komara, Anna Strešňáková 
520 |a Denne sa zaznamenávajú poistné údaje o klientoch, zmluvách, poistných udalostiach, škodách, aktívach, záväzkoch a iných udalostiach, ktoré sa opätovne používajú v interakciách, reportoch a reportoch pre vedenie poisťovne a dozorné orgány. Preto ani v tejto sfére nemôžu chýbať pravidlá a samotná kontrola kvality. Tieto pravidlá určujú štruktúru troch pilierov smernice Európskej únie Solventnosť II. V jazyku Python sú predstavené spôsoby, ktoré možno použiť na základnú analýzu chýbajúcich hodnôt v procese kvality dát. 
610 2 0 |a analýzy 
610 2 0 |a kvalita 
610 2 0 |a údaje štatistické 
610 2 0 |a solventnosť 
610 2 0 |a jazyky programovacie 
610 2 0 |a poisťovníctvo 
610 2 0 |a riziko 
100 1 |a Komara, Silvia, 1985- 
700 1 |a Strešňáková, Anna, 1976-